00749nam a2200241 a 4500001001300000003000900013005001700022008004100039020001000080082002300090100002200113245004700135260004000182300000800222500003500230505003200265650003500297700002200332902000800354942000700362952012300369999001500492nice12345678IN_TiNIC20260116011807.0050524s1967 mada grp 000 0 eng  ac10000a320.550917645bAHM aAhmad, Sufi Nazie aRevival of Brahmanism and Its Consequences aMadrasbMarcoir Labbai Streetc1967 a15p aincludes index and biblioraphy2 aHead of ahmadiyya movement. aReligious Fundamentalism-Hindu1 aAhmad, Sufi Nazie bSRS cBK 001040708StackRoom-aHMIbHMId2007-04-05g100.00l0o320.550917645 AHMp05385r2007-04-05v100.00w2005-05-24yBK c4012d4012